| 000 | 00636cab a2200229 4500 | ||
|---|---|---|---|
| 001 | ABS42761 | ||
| 008 | 090401t1990 xxu||||| |||| 00| 0 eng d | ||
| 035 | _a(Sirsi) u38736 | ||
| 041 | _aeng | ||
| 100 | _aShergold, C. | ||
| 245 | _aInto the twenty-first century | ||
| 260 | _c1990 | ||
| 350 | _a0 | ||
| 490 |
_aWorld Property _vMay 1990, 37-40(3) |
||
| 520 | _aReviews the Hong Kong property market which despite concern over reversion to Chinese rule in 1997, remains strong. | ||
| 650 | _aASIA | ||
| 650 | _aINDUSTRIAL | ||
| 650 | _aOFFICE | ||
| 690 | _aOVERSEAS-REST OF THE WORLD | ||
| 942 | _n0 | ||
| 948 | _c04/03/1997 | ||
| 999 |
_c24877 _d24877 |
||